Perico trepa por Chile
Shranjeno v:
| Glavni avtor: | |
|---|---|
| Drugi avtorji: | |
| Format: | Knjiga |
| Jezik: | španščina |
| Izdano: |
Santiago
Universitaria
1981
|
| Izdaja: | 4a. ed |
| Teme: | |
| Oznake: |
Označite
Brez oznak, prvi označite!
|
MARC
| LEADER | 00000nam a2200000 a 4500 | ||
|---|---|---|---|
| 001 | UCH7250 | ||
| 003 | CL-VaPUC | ||
| 008 | 091109e19810000CL |||||||||||||||||spa|d | ||
| 082 | 0 | 4 | |a Ch863 |b PAZ |2 21 |
| 100 | |a Paz, Marcela |e autora |9 881017 | ||
| 700 | |a Morel Chaigneau, Alicia |e autora |9 626523 | ||
| 245 | 1 | 0 | |a Perico trepa por Chile |
| 250 | |a 4a. ed | ||
| 300 | |a 293 p | ||
| 942 | |c BK | ||
| 945 | |d 20091109 00:00:00 |a lazolas | ||
| 260 | |a Santiago |b Universitaria |c 1981 | ||
| 650 | 0 | |a Novelas chilenas |9 265425 | |
| 650 | 0 | |a Literatura chilena |9 308278 | |
| 583 | |a last modification |c 20091109 00:00:00 |k Rodrigo Vera | ||
| 999 | |c 337913 |d 337911 | ||